Ethics as an essential condition for sustainable economic development proceedings of scientific papers

Gespeichert in:
Bibliographische Detailangaben
Weitere Verfasser: Kubaščíková, Zuzana, 1982-, Hvoždarová, Jana, Foltínová, Alžbeta, Tumpach, Miloš, 1970-
Format: Buch
Sprache:Englisch
Veröffentlicht: Bratislava Vydavateľstvo EKONÓM 2014
Ausgabe:1. vyd.
Schlagworte:
Tags: Tag hinzufügen
Keine Tags, Fügen Sie das erste Tag hinzu!

MARC

LEADER 00000nam a2200000 4500
001 0194213
005 20240502073242.5
020 |a 978-80-225-3953-1 
041 0 |a eng 
044 |a SK 
245 1 0 |a Ethics as an essential condition for sustainable economic development  |b proceedings of scientific papers  |c compiled by Zuzana Kubaščíková ; reviewers: Jana Hvoždarová, Alžbeta Foltínová, Miloš Tumpach 
250 |a 1. vyd. 
264 1 |a Bratislava  |b Vydavateľstvo EKONÓM  |c 2014 
300 |a 121 s. [10,8 AH] 
610 2 0 |a rozvoj trvalo udržateľný 
610 2 0 |a etika hospodárska 
610 2 0 |a etika podnikateľská 
610 2 0 |a kontrola finančná 
610 2 0 |a výkazy finančné 
610 2 0 |a dane 
700 1 |a Kubaščíková, Zuzana, 1982- 
700 1 |a Hvoždarová, Jana 
700 1 |a Foltínová, Alžbeta 
700 1 |a Tumpach, Miloš, 1970-